Statistics for Hybrid Flags # 1

Click here to take the quiz!

General Stats

  • This quiz has been taken 19 times
  • The average score is 12 of 15

Answer Stats

Answer% Correct
Japan Canada
93%
Sweden Vietnam
93%
Italy San Marino
87%
Austria Croatia
87%
Belarus Russia
87%
Algeria Belgium
87%
Slovakia Germany
80%
Israel Lithuania
80%
Tunisia Germany
80%
Angola Portugal
80%
Argentina Chile
73%
Montenegro Luxembourg
73%
Bulgaria Russia
73%
Peru Ecuador
73%
Armenia France
73%

Score Distribution

Percentile by Number Answered

Percent of People with Each Score

Your Score History

You have not taken this quiz